1706 1468 1973 1099 1801 1489 1373 1298 1510 1627 1566 1653 1420 1567 1478 1572 1316 1240 1491 1730 1709 1398 1962 1327 1415 1113 1691 1749 1188 1860 1290 1850 1471 1894 1431 1253 1843 1220 1348 1275 1501 1744 1155 1302 1808 1009 1593 1704 1950 1026 1222 1519 1932 1869 1287 1042 1532 1980 1278 1030 1444 1184 1900 1101 1486 1230 1408 1773 1489 1620 1784 1565 1450 1002 1827 1815 1073 1309 1887 1823 1539 1080 1802 1288 1493 1067 1571 1593 1176 1749 1629 1275 1562 1676 1995 1821 1551 1481 1754 BCNSPRNW ULIB Ver.6.0+V

เปลี่ยนเป็นภาษาไทย

Change to English
 แสดงรายละเอียดบรรณานุกรม
  กลับหน้าหลัก

Brief Record : Get Marc (ISO 2709) : E-mail record : QR code < ปิดหน้าต่าง
LEADER : 00000nam 2200000uu 4500
001    13399123368
003     ULIB
008    140827s2550||||th 000 0 tha d
099    วจ WY18^bว485พ
100 0  วารุณี มีเจริญ และศักดิ์มงคล เชื้อทอง
245 00 พฤติกรรมเอื้ออาทรในการปฎิบัติการพยาบาลของผู้สำเร็จการศึกษาหลักสูตรพยาบาลศาสตร์บัณฑิต วิทยาลัยในสังกัดกระทรวงสาธารณสุข/^cวารุณี มีเจริญ และศักดิ์มงคล เชื้อทอง
260    สระบุรี:^bวิทยาลัยพยาบาลบรมราชชนนี สระบุรี,^c2550
300    91 หน้า
650  0 พฤติกรรมเอื้ออาทร^xวิจัย
700 0  ศักดิ์มงคล เชื้อทอง
945    ^p0^l0^i023457
999    ^aเกษร โพธิ์สุวรรณ
รายการนี้ยังไม่มีแท็ก
คุณยังไม่ได้ล็อกอิน คุณสามารถมีกิจกรรมร่วมกับเว็บไซต์ได้ แต่ต้องล็อกอินก่อน ::
  ล็อกอิน

รายการสื่อสารสนเทศ

ลำดับที่ ประเภท เลขเรียก/บาร์โค้ด สถานที่ สถานะ
1. งานวิจัย
งานวิจัย
วจ WY18 ว485พ ฉ.1 
  Barcode: 023457
ห้องสมุดวิทยาเขตสวรรค์ประชารักษ์
►วิจัย
บนชั้น

BibComment


ยังไม่เคยถูกคอมเมนท์

คอมเมนท์ทรัพยากรรายการนี้
  คอมเมนท์: พฤติกรรมเอื้ออาทร..


 Copyright 2026. Bcnsprnw @Library